000 00219nmm a2200085Ia 4500
008 220120s9999||||xx |||||||||||||||||und||
100 _aLFY-OCT-2007
_910833
245 0 _aSUSE LINUX, ENTERPRISE DESKTOP
260 _bBangalore
999 _c138727
_d138727